This Is The Life - Amy Macdonald - All Lyrics - Statistics

General Stats
  • This quiz has been taken 273 times
  • The average score is 361 of 416
Answer Stats
Answer % Correct
the
100%
The
100%
to
98%
And
97%
and
97%
tonight
97%
tonight?
97%
in
96%
in,
96%
Where
96%
where
96%
life
95%
is
94%
you
94%
go,
93%
go
93%
this
93%
Oh,
91%
sleep
90%
up
90%
do
89%
gonna
89%
So
89%
wake
89%
morning
88%
music
88%
singing
88%
dancing
87%
people,
87%
were
86%
your
86%
they
84%
boys
83%
down
82%
girls
81%
vibe
81%
you're
81%
cold
80%
wind
80%
with
80%
head
79%
songs,
79%
songs
79%
street
79%
Thinking
79%
whistles
79%
size
77%
hair
76%
dark
74%
twice
74%
before
71%
feels
71%
there
70%
their
69%
sit
67%
than
67%
nothing
64%
better
62%
curls
62%
about
61%
one
61%
over
61%
Talking
61%
nobody's
60%
sitting
60%
chase
59%
four
58%
each
57%
door
56%
'til
56%
road
55%
But
54%
front
54%
get
54%
home
54%
louder
54%
way
52%
Jimmy's
51%
outside
51%
taxi
49%
his
48%
waiting
48%
for
47%
heading
46%
crew
45%
While
43%
Robert
39%
motley
34%
Riger
29%
shy
26%
youth
24%
tormented
22%
No matching quizzes found
Score Distribution
Percent of People with Each Score
Percentile by Number Answered
Your Score History
You have not taken this quiz